000 00542nam a2200145Ia 4500
008 140724s9999 xx 000 0 und d
050 _aT 58.6
_b.L143 2014
100 _aLacorte, Daryll Anne S.
245 _aSISC BSN Alumni Tracer Project (Interface initiative with the College of Information Technology) /
_cDaryll Anne S. Lacorte.
260 _aLas PiƱas, Philippines :
_bSouthville International School and Colleges,
_cc2014.
300 _a84 p. :
_bill. ;
_c28 cm.
521 _aInformation Technology
942 _cTH
999 _c229321
_d229321